书目信息 |
| 题名: |
卖场促销方案大全
|
|
| 作者: | 盛斌子 编著 | |
| 分册: | ||
| 出版信息: | 北京 北京理工大学出版社 2014 |
|
| 页数: | 296页 | |
| 开本: | 24cm | |
| 丛书名: | ||
| 单 册: | ||
| 中图分类: | F717.5 | |
| 科图分类: | ||
| 主题词: | 商场--促销策略 , 商场 , 促销策略 | |
| 电子资源: | ||
| ISBN: | 978-7-5640-8426-4 | |
| 000 | 00989nam0 2200253 450 | |
| 001 | 140170 | |
| 005 | 20140925105050.07 | |
| 010 | @a978-7-5640-8426-4@dCNY 39.80 | |
| 100 | @a20140122d2014 em y0chiy50 ea | |
| 101 | 0 | @achi |
| 102 | @aCN@b110000 | |
| 105 | @aa z 000yy | |
| 200 | 1 | @a卖场促销方案大全@Amai chang cu xiao fang an da quan@b专著@e每个时段都让顾客找到购买的理由@f盛斌子编著 |
| 210 | @a北京@c北京理工大学出版社@d2014 | |
| 215 | @a296页@c图@d24cm | |
| 330 | @a本书根据众多商家的促销方案,分别从节假目促销、季节促销、各式各样的广告促销、最常用的折扣促销、主题促销、服务促销、心理促销、逆向促销、另类促销9个方面论述,汇总了80个促销方案,每个方案都是实战的经验之谈。 | |
| 517 | 1 | @a每个时段都让顾客找到购买的理由@Amei ge shi duan dou rang gu ke zhao dao gou mai de li you |
| 606 | 0 | @a商场@x促销策略 |
| 606 | 0 | @a商场 |
| 606 | 0 | @a促销策略 |
| 690 | @aF717.5@v5 | |
| 701 | 0 | @a盛斌子@Asheng bin zi@4编著 |
| 801 | 0 | @aCN@bZL@c20140925 |
| 905 | @a241430@dF717.5@eS473 | |
| 卖场促销方案大全:每个时段都让顾客找到购买的理由/盛斌子编著.-北京:北京理工大学出版社,2014 |
| 296页:图;24cm |
| ISBN 978-7-5640-8426-4:CNY 39.80 |
| 本书根据众多商家的促销方案,分别从节假目促销、季节促销、各式各样的广告促销、最常用的折扣促销、主题促销、服务促销、心理促销、逆向促销、另类促销9个方面论述,汇总了80个促销方案,每个方案都是实战的经验之谈。 |
| ● |
| 相关链接 |
|
|
|
正题名:卖场促销方案大全
索取号:F717.5/S473
 
预约/预借
| 序号 | 登录号 | 条形码 | 馆藏地/架位号 | 状态 | 备注 |
| 1 | 0833818 | 208338182 | 社科二线422/422社科库 3排1列3层/ [索取号:F717.5/S473] | 在馆 | |
| 2 | 0833819 | 208338191 | 社科二线422/422社科库 3排1列3层/ [索取号:F717.5/S473] | 在馆 | |
| 3 | 0833820 | 208338208 | 社科库409/409社科库 45排7列3层/ [索取号:F717.5/S473] | 在馆 |